000 01527 a2200229 4500
001 53000
005 20260407155804.0
008 260407a1994 arg spa d
003 AR-UNSa-BCEJYS
040 _aAR-UNSa-BCEJYS
_bspa
_cAR-UNSa-BCEJYS
080 _a330.101.542
_xMicroeconomía
245 1 0 _aPrincipios de microeconomía
020 _a84-344-2100-3
264 1 _aBarcelona :
_bAriel
_c1994
300 _a750 p.
_c24 cm.
505 _a1. El automóvil y la economía - 2. Pensar como un economista - 3. Intercambio y producción - 4. La demanda, la oferta y los precios - 5. Utilización de la demanda y la oferta - 6. tiempo y riesgo - 7. El sector público - 8. La decisión de consumo - 9. La decisión de ahorro - 10. Una guía de inversión para estudiantes - 11. La decisión de oferta de trabajo - 12. Los costes de la empresa - 13. La decisión de producción de la empresa - 14. El equlibrio competitivo - 15. Monopolios y competencia perfecta - 16. Los oligopolios - 17. Actitud de los poderes públicos hacia la competencia - 18. El cambio tecnológico - 19. La información imperfecta en el mercado de consumo - 20. Las imperfecciones del mercado de trabajo - 21. La financiación y el control de la empresa - 23. La gestión de la empresa - 24. Tributación y redistribución
041 _aspa
942 _cBK
590 _aniveau_biblio:m niveau_hierar:0
100 1 _aStiglitz, Joseph E.
856 4 1 _uhttps://www.biblioeco.unsa.edu.ar/pmb/images/libros/L128391.jpg
_yImagen de portada
_qimage/jpeg
999 _c5045
_d5045